| 000 | 00544nam a2200169Ia 4500 | ||
|---|---|---|---|
| 003 | GCL | ||
| 008 | 140319s9999 xx 000 0 eng d | ||
| 040 |
_aGCL / _cGCL |
||
| 082 | 0 | 4 |
_a658.562 _bS D |
| 100 | 1 | _aSTAMATIS, D.H | |
| 245 | 1 | 0 |
_aDOCUMENTING AND AUDITING FOR ISO 9000 AND Q S - 9000: TOOLS FOR ENSURING CERTIFICATION OR REGISTRATION / _cSTAMATIS, D.H |
| 260 |
_a[S.N] : _bIRWIN PROFESSIONAL PUBLISHING ، _c1996 |
||
| 300 | _a334 P | ||
| 650 | 0 | 4 | _aQUALITY CONTROL STANDARDS |
| 650 | 0 | 4 | _aISO 9000 SERIES STANDARDS |
| 942 |
_2ddc _cBK |
||
| 999 |
_c13304 _d13304 |
||